00541nmm a2200169Ia 4500008004100000020001800041041000800059100002100067245008300088264006900171300001800240490001600258650002300274856005000297942000700347999001700354251105s9999||||xx |||||||||||||||||und|| a9788492521739 aspa aCurreri, Luciano 0aLas mariposas de Madrid. Los narradores italianos y la guerra civil española a[Madrid, España] :bPrensas Universitarias de Zaragoza, c2008 a284 páginas aHumanidades aSpanish literature uhttps://public.digitaliapublishing.com/a/6347 cCF c88877d88877